Aspects of management and silviculture of Philippines dipterocarp forests

Bibliographic Details
Main Author: WEIDELT
Other Authors: Banaag
Format: Book
Published: Eschborn : German Agency for Technical Cooperation , 1982
Subjects:

MARC

LEADER 00000cam a2200000 7i4500
001 0000002642
005 20030903.0
020 0 0 |a 3880851573 
090 0 0 |a 583.62409599   |b WEI 1982 
100 1 0 |a WEIDELT   |h Hans Joachim 
245 1 0 |a Aspects of management and silviculture of Philippines dipterocarp forests   |c by Hans Joachim Weidelt and Valeriano S. Banaag 
260 0 0 |a Eschborn :   |b German Agency for Technical Cooperation ,   |c 1982 
300 |a 302 p. :   |b ill. ;   |c 21 cm. 
500 0 0 |a Bibliography : p. 295-302 
650 0 0 |a Dipterocarpaceae   |x Ecology   |z Philippines 
650 0 0 |a Dipterocarpaceae   |z Philippines 
700 0 1 |a Banaag   |h Valeriano S. 
998 |a JPSM 
999 |a 0000004195   |b Monograph   |c Open Shelf   |e Default branch 
999 |a 0000004196   |b Monograph   |c Open Shelf   |e Default branch